Films cultes par image - Statistiques

Statistiques générales
  • Ce quiz a été pris 288 fois
  • Le résultat moyen est 10 sur 16
Statistiques - réponses
Par images Réponse % Correct
Forrest Gump
92%
Fight Club
87%
Gladiator
87%
Top Gun
84%
The Matrix
79%
The Godfather
76%
Terminator
75%
The Shining
75%
The Truman Show
72%
Inception
71%
Le cercle des poètes disparus
56%
American Psycho
51%
The Usual Suspects
51%
Shutter Island
47%
Inglourious Basterds
16%
Primal Fear
8%
Aucun quiz correspondant
Distribution des résultats
% des personnes avec chaque résultat
Percentile par nombre de réponses
Votre historique - résultats
Vous n’avez pas pris ce quiz